Potrubí a armatury
Uložené v:
| Hlavní autori: | , |
|---|---|
| Médium: | Kniha |
| Jazyk: | Czech |
| Vydavateľské údaje: |
Praha :
SNTL,
1974
|
| Vydanie: | 2.preprac.vyd. |
| Tagy: |
Žiadne tagy, Buďte prvý, kto otaguje tento záznam!
|
MARC
| LEADER | 00000nam a22000003a 4500 | ||
|---|---|---|---|
| 001 | stu271754 | ||
| 005 | 20150617230232.9 | ||
| 008 | 130719s--------cs------------------cze-d | ||
| 040 | |a STU |b slo | ||
| 041 | 0 | |a cze | |
| 044 | |a cs | ||
| 080 | |a 621.643 | ||
| 080 | |a 621.646 |7 stu_us_auth*stu6012 | ||
| 100 | 1 | |a Mikula, Julius |4 aut | |
| 245 | 1 | |a Potrubí a armatury | |
| 250 | |a 2.preprac.vyd. | ||
| 260 | |a Praha : |b SNTL, |c 1974 | ||
| 300 | |a 585 s | ||
| 700 | 1 | |a kol. |4 aut | |
| 996 | |b 284V035452 |c V*7964/O-932 |l VVS |s A |a 24 |w stu271754_0001 | ||